000 00611nam a2200229Ia 4500
003 OSt
005 20220912153227.0
006 a|||||r|||| 00| 0
007 ta
008 220909b |||||||| |||| 00| 0 eng d
024 _a986
037 _cTextual
040 _aCSL
_beng
_cCSL
041 _aeng
082 _aY17672, Jo;10
100 _aEvans-Pritchard E E
245 0 _aNuer : a discription of the modes of levelihood and polotical of a nilotiv people
260 _c1950
300 _ap.
_ccm.
942 _hY17672, Jo;10
_cTEXL
_2CC
999 _c99372
_d99372